000
00290nam a2200109Ia 4500
008
180205s9999 xx 000 0 und d
020
_a
9780470616314
100
_a
Kieso, Donald E.
245
_a
Intermediate accounting /
260
_a
USA
_b
John wiley & Sons
_c
2011
300
_a
v, 1383 pages
999
_c
354884
_d
354884